Plus Grandes Villes de France par Lettre - T - Statistiques

Statistiques générales
  • Ce quiz a été pris 435 fois
  • Le résultat moyen est 9 sur 20
Réponses sur la Carte
Les réponses sont colorées sur une échelle allant du rouge au vert en fonction du pourcentage des utilisateurs qui les ont devinées à leur premier essai. Vous pouvez retrouver ces pourcentages ci-dessous.
 
Statistiques - réponses
Population Ville % Correct
15 849 Toul
99%
504 078 Toulouse
97%
137 658 Tours
94%
180 452 Toulon
92%
99 011 Tourcoing
74%
43 955 Tarbes
68%
62 782 Troyes
63%
37 027 Thonon-les-Bains
56%
42 163 Thionville
49%
81 943 Le {Tampon}
43%
45 225 Talence
31%
26 556 La {Teste}-{de}-{Buch}
30%
33 717 Trappes
24%
22 444 Torcy
20%
15 423 Tarascon
19%
29 439 Tournefeuille
18%
37 271 Tremblay-en-France
17%
31 097 Thiais
10%
22 676 Tassin-la-Demi-Lune
9%
27 025 Taverny
9%
Aucun quiz correspondant
Distribution des résultats
% des personnes avec chaque résultat
Percentile par nombre de réponses
Votre historique - résultats
Vous n’avez pas pris ce quiz